The law of services and dismissals : (Record no. 83868)

MARC details
000 -LEADER
fixed length control field 01021nam a22002297a 4500
005 - DATE AND TIME OF LATEST TRANSACTION
control field 20140805105912.0
010 ## - LCCN (DPL NO)
LC control number ENG-109891-109892
020 ## - INTERNATIONAL STANDARD BOOK NUMBER
Terms of availability 4395.00 (Set of 2 Vols)
International Standard Book Number 9789351430803 (set)
020 ## - INTERNATIONAL STANDARD BOOK NUMBER
Terms of availability 4395.00 (Set of 2 Vols)
International Standard Book Number 9789351430810 (V.I)
020 ## - INTERNATIONAL STANDARD BOOK NUMBER
Terms of availability 4395.00 (Set of 2 Vols)
International Standard Book Number 9789351430827 (V.II)
035 ## - SYSTEM CONTROL NUMBER
System control number EN-93424-93425
037 ## - SOURCE OF ACQUISITION
Source of stock number/acquisition DBAD/PUB
082 ## - DEWEY DECIMAL CLASSIFICATION NUMBER
Classification number 344.54012596
100 ## - MAIN ENTRY--PERSONAL NAME
Personal name Doabia, H.S.
245 00 - TITLE STATEMENT
Title The law of services and dismissals :
Statement of responsibility, etc by H.S. Doabia
Remainder of title a commentary on the law relating to public and private servants,including industrial employees, covering dismissal, removal, suspension, reduction in rank, retirement, resignation, increments and salaries /
250 ## - EDITION STATEMENT
Edition statement 5th ed
260 ## - PUBLICATION, DISTRIBUTION, ETC. (IMPRINT)
Place of publication, distribution, etc Gurgaon
Name of publisher, distributor, etc Lexis Nexis
Date of publication, distribution, etc 2014
270 ## - ADDRESS
Address 14th Floor, Bldg. No.10, Tower-B, DLF Cyber City, Phase-II
City Gurgaon
Postal code 122002
300 ## - PHYSICAL DESCRIPTION
Extent 2 V. (cxci-1912,251p.; ccxxiv,1913-3591,251p.)
Dimensions 25cm(Hb)
500 ## - GENERAL NOTE
General note Includes index
942 ## - ADDED ENTRY ELEMENTS (KOHA)
Source of classification or shelving scheme Dewey Decimal Classification
Item type English Books
Call number suffix DOA
Classification part 344.54012596
Holdings
Withdrawn status Lost status Materials specified (bound volume or other part) Not for loan Collection code Home library Current library Date acquired Source of acquisition Cost, normal purchase price Full call number Barcode Copy number Cost, replacement price Koha item type
    v.1 Not For Loan Non-fiction D.B.Act.Division D.B.Act.Division 29/04/2014 DBAD / PUB 4395.00 344.54012596 DOA EN-93424 1 4395.00 English Books
    v.2 Not For Loan Non-fiction D.B.Act.Division D.B.Act.Division 29/04/2014 DBAD / PUB 4395.00 344.54012596 DOA EN-93425 1 4395.00 English Books

© Delhi Public Library
Hit Counter
free hit counter